| 000 | 00843nam a2200265 i 4500 | ||
|---|---|---|---|
| 001 | bg | ||
| 100 | 1 | _aBAJOREK, Jerzy | |
| 245 | 0 | 0 |
_aSygnały i układy : _blaboratorium. _n1 / _cJerzy Bajorek, Andrzej Kubaszek, Grzegorz Masłowski. |
| 260 |
_aRzeszów : _bPolitechnika Rzeszowska im. Ignacego Łukasiewicza, _c1994. |
||
| 300 |
_a114 s. : _brys., wykr. ; _c24 cm. |
||
| 504 | _aBibliogr. s. 114. | ||
| 650 | 9 |
_aUkłady analogowe _xbadanie |
|
| 650 | 9 |
_aUkłady cyfrowe _xbadanie |
|
| 650 | 9 |
_aMathCAD _xprogramowanie |
|
| 655 | _aPodręczniki akademickie | ||
| 700 | 1 | _aKUBASZEK, Andrzej | |
| 700 | 1 | _aMASŁOWSKI, Grzegorz | |
| 020 | _a8390246856 | ||
| 040 | _cBPK | ||
| 041 | 0 | _apl | |
| 080 | _a621.3:681.322.06:681.32+681.33](075.8)(076) | ||
| 920 | _a83-902468-5-6 | ||
| 942 | _cKS | ||
| 008 | s pl f |000 0 pol | ||
| 999 |
_c6769 _d6769 |
||
| 856 |
_uhttp://koha.tu.koszalin.pl/cgi-bin/koha/opac-detail.pl?biblionumber=6769 _yKatalog online BPK |
||